000 00370nam a2200133 i 4500
001 bg
100 1 _aLABER, Stanisław
245 0 _aAnaliza współzależności pomiędzy stanem warstwy wierzchniej a właściwościami... /
_cS. Laber.
260 _aZielona Gora,
_c1985.
040 _cBPK
041 _apol
942 _cKS
008 s pl f |000 0 pol
999 _c28313
_d28313
856 _uhttp://koha.tu.koszalin.pl/cgi-bin/koha/opac-detail.pl?biblionumber=28313
_yKatalog online BPK